[Event "San Francisco TNM Spring op"]
[White "Vichik, Adam"]
[Black "Locke, Bryan"]
[Site "San Francisco"]
[Round "3"]
[Result "1-0"]
[Date "2014.04.01"]
[WhiteElo "1482"]
[BlackElo "915"]
[PlyCount "31"]
[EventDate "2014.03.18"]
[EventType "swiss"]
[EventRounds "8"]
[EventCountry "USA"]
[SourceTitle "EXT 2016"]
[Source "ChessBase"]
[SourceDate "2015.10.08"]
[SourceVersion "1"]
[SourceVersionDate "2015.10.08"]
[SourceQuality "1"]

1. e4 c5 2. d4 Nf6 3. e5 Nd5 4. c4 Nb6 5. dxc5 Nxc4 6. Bxc4 Qa5+ 7. Nc3 Qxc5 8. Qd5 Qxd5 9. Nxd5 e6 10. Nc7+ Kd8 11. Nxa8 Bc5 12. Bg5+ f6 13. exf6 gxf6 14. Bxf6+ Ke8 15. Nc7+ Kf7 16. Bxh8 1-0

[Event "San Francisco TNM Fall op"]
[White "Simpkins, Jerry"]
[Black "Vichik, Adam"]
[Site "San Francisco"]
[Round "7"]
[Result "0-1"]
[Date "2013.12.03"]
[WhiteElo "1571"]
[BlackElo "1262"]
[PlyCount "82"]
[EventDate "2013.10.22"]
[EventType "swiss"]
[EventRounds "9"]
[EventCountry "USA"]
[SourceTitle "EXT 2016"]
[Source "ChessBase"]
[SourceDate "2015.10.08"]
[SourceVersion "1"]
[SourceVersionDate "2015.10.08"]
[SourceQuality "1"]

1. e4 e6 2. d4 d5 3. e5 c5 4. c3 Nc6 5. f4 Qb6 6. Nf3 Nh6 7. Bd3 Bd7 8. Bc2 Be7 9. 0-0 Rc8 10. Kh1 cxd4 11. cxd4 Nb4 12. Nc3 Nxc2 13. Qxc2 Nf5 14. Qd1 h5 15. a4 Bb4 16. Qd3 Rc4 17. Rd1 Bxc3 18. bxc3 Bxa4 19. Re1 Bb5 20. Qc2 a6 21. Bd2 Nxd4 22. Nxd4 Qxd4 23. cxd4 Rxc2 24. Bb4 Kd7 25. Bc5 Rf2 26. g3 h4 27. Re3 hxg3 28. Rxg3 Rhxh2+ 29. Kg1 g6 30. Rc1 Re2 31. Bb6 Bc6 32. Rc5 Rh4 33. Rf3 Re4 34. Rc2 Rexf4 35. Rxf4 Rxf4 36. Rh2 Rf5 37. Rh8 f6 38. Rh7+ Ke8 39. Rh8+ Kf7 40. Bc7 Kg7 41. Re8 Bxe8 0-1

[Event "San Francisco TNM Fall op"]
[White "Vichik, Adam"]
[Black "Chinguun, Bayaraa"]
[Site "San Francisco"]
[Round "3"]
[Result "1/2-1/2"]
[Date "2013.11.05"]
[WhiteElo "1262"]
[BlackElo "1625"]
[PlyCount "65"]
[EventDate "2013.10.22"]
[EventType "swiss"]
[EventRounds "9"]
[EventCountry "USA"]
[SourceTitle "EXT 2016"]
[Source "ChessBase"]
[SourceDate "2015.10.08"]
[SourceVersion "1"]
[SourceVersionDate "2015.10.08"]
[SourceQuality "1"]

1. e4 c5 2. Nf3 d6 3. d4 cxd4 4. Nxd4 Nf6 5. Nc3 a6 6. Be3 e5 7. Nb3 Be7 8. Bc4 Nc6 9. 0-0 0-0 10. a4 Nb4 11. Nd5 Nbxd5 12. Bxd5 Nxd5 13. exd5 a5 14. Nd2 f5 15. f4 e4 16. c4 Bf6 17. Qb3 Qe8 18. Bb6 Qg6 19. Rab1 Qg4 20. Qd1 Qxd1 21. Rfxd1 Be7 22. b3 Re8 23. Nf1 h6 24. Be3 g5 25. h3 Kf7 26. Kf2 Kg6 27. g3 gxf4 28. Bxf4 Bg5 29. Ke3 h5 30. h4 Bxf4+ 31. Kxf4 Ra6 32. Ne3 Rb6 33. Rg1 1/2-1/2

[Event "San Francisco Neil Falconer op"]
[White "Vichik, Adam"]
[Black "Niemann, Hans Moke"]
[Site "San Francisco"]
[Round "8"]
[Result "0-1"]
[Date "2013.09.24"]
[WhiteElo "1262"]
[BlackElo "1835"]
[PlyCount "70"]
[EventDate "2013.08.06"]
[EventType "swiss"]
[EventRounds "9"]
[EventCountry "USA"]
[SourceTitle "EXT 2016"]
[Source "ChessBase"]
[SourceDate "2015.10.08"]
[SourceVersion "1"]
[SourceVersionDate "2015.10.08"]
[SourceQuality "1"]

1. e4 c5 2. Nf3 d6 3. d4 cxd4 4. Nxd4 Nf6 5. Nc3 g6 6. Be3 Bg7 7. Qd2 Ng4 8. Be2 Nxe3 9. Qxe3 Nc6 10. Nb3 Be6 11. 0-0 0-0 12. Rad1 Nb4 13. Nd4 Bd7 14. Rd2 a6 15. a3 Nc6 16. Nf3 Rc8 17. Rfd1 f5 18. Bc4+ Kh8 19. Ng5 Ne5 20. Bd5 f4 21. Qe2 f3 22. gxf3 e6 23. Nxe6 Bxe6 24. Bxe6 Nxf3+ 25. Kh1 Qh4 26. Qxf3 Rxf3 27. Bxc8 Be5 28. Kg2 Rf8 29. Bxb7 Qxh2+ 30. Kf1 Qh1+ 31. Ke2 Qf3+ 32. Ke1 Bg3 33. Bxa6 Qe3+ 34. Re2 Bxf2+ 35. Kf1 Qh3# 0-1

[Event "San Francisco TNM Summer op"]
[White "Luke, Gary"]
[Black "Vichik, Adam"]
[Site "San Francisco"]
[Round "1"]
[Result "1-0"]
[Date "2013.05.28"]
[WhiteElo "1808"]
[BlackElo "1113"]
[PlyCount "61"]
[EventDate "2013.05.28"]
[EventType "swiss"]
[EventRounds "8"]
[EventCountry "USA"]
[SourceTitle "EXT 2016"]
[Source "ChessBase"]
[SourceDate "2015.10.08"]
[SourceVersion "1"]
[SourceVersionDate "2015.10.08"]
[SourceQuality "1"]

1. e4 e6 2. d4 d5 3. Nd2 c5 4. dxc5 Bxc5 5. Nb3 Bb6 6. exd5 exd5 7. Bb5+ Nc6 8. Qe2+ Qe7 9. Bg5 f6 10. Bh4 Qxe2+ 11. Nxe2 Nge7 12. Ned4 Bxd4 13. Nxd4 a6 14. Ba4 0-0 15. Bxc6 bxc6 16. 0-0-0 Bf5 17. Rhe1 Rfe8 18. Bg3 g6 19. Bd6 Kf7 20. Bxe7 Rxe7 21. Rxe7+ Kxe7 22. Nxc6+ Kd6 23. Nb4 Be6 24. Rd4 g5 25. c3 Rc8 26. Nxa6 Ra8 27. Nb4 h5 28. a3 Ra5 29. Nc2 Bf5 30. Ne3 Be6 31. Nc4+ 1-0